|
|
|
|
| LEADER |
00000nam a22000007a 4500 |
| 005 |
20190714155751.0 |
| 007 |
cr|||| |||| |
| 008 |
190714s2019 mx |||||s|||| 00||0 spa d |
| 020 |
|
|
|a 978-607-8628-57-5
|
| 035 |
|
|
|a 23913
|
| 040 |
|
|
|a vLex
|
| 090 |
|
|
|c 9038
|d 9038
|
| 100 |
1 |
|
|a Maca̕s Valadez Treviǫ, Francisco Javier
|
| 245 |
1 |
0 |
|a Evaluacin̤ al desempeǫ
|h [Recurso electrn̤ico] :
|b Herramienta para validacin̤ fiscal de erogaciones estrictamente indispensables /
|c Francisco Javier Maca̕s Valadez Treviǫ
|
| 256 |
|
|
|a Servicio en ln̕ea
|
| 260 |
|
|
|a Ciudad de Mx̌ico:
|b Instituto Mexicano de Contadores Pb︢licos,
|c 2019
|
| 300 |
|
|
|a 1 recurso electrn̤ico
|
| 500 |
|
|
|a Con la lectura de este libro, el lector conocer ̀třminos conceptuales de la estricta indispensabilidad y evaluacin̤ al desempeǫ; analizar algunas razones de rechazo de las erogaciones por parte de las autoridades fiscales; vincular tesis, jurisprudencias y criterios normativos, emitidas por instancias y tribunales competentes, y analizar la planeacin̤, los programas y presupuestos de las empresas y su necesaria implementacin̤ para formular indicadores de desempeǫ de sus operaciones. Lo anterior, para establecer el procedimiento de evaluacin̤ de estos con la finalidad de efectuar un anl̀isis comparativo entre resultados esperados y obtenidos, y para vincular las erogaciones realizadas y consideradas como indispensables para el logro de los objetivos de la empresa, a fin de validar el carc̀ter de indispensabilidad a la luz de los resultados obtenidos.Para el estudioso de la materia impositiva, dentro del m̀bito de la contabilidad, administracin̤ y operacin̤, y los alumnos de las carreras de contadura̕ y administracin̤ de las universidades, resulta un material valioso para demostrar la deducibilidad de los gastos y las erogaciones indispensables
|
| 506 |
1 |
|
|a Disponible solo en los productos indicados
|d vLex Global
|d vLex Global (Academic Edition, excluding Law Schools)
|d vLex Global (U.S. Academic Edition, Law Schools)
|d vLex Global (U.S. Academic Edition, excluding Law Schools)
|d vLex Global (Academic Edition, Law Schools)
|
| 650 |
0 |
4 |
|a Derecho Fiscal
|z Mx̌ico
|
| 740 |
0 |
|
|a vLex Libros (Servicio en ln̕ea)
|
| 856 |
4 |
0 |
|u http://vlex.com/source/evaluacion-al-desempe-o-herramienta-para-validacion-fiscal-de-erogaciones-estrictamente-indispensables-23913
|z Acceso restringido
|
| 942 |
|
|
|c BOOK
|
| 999 |
0 |
|
|a Tax Law
|